Influence of Ga3 and Nitrogen on growth and yield of Cabbage / (Record no. 14028)

MARC details
000 -LEADER
fixed length control field 01099nam a22002897a 4500
001 - CONTROL NUMBER
control field BD-DhSAU 8849
003 - CONTROL NUMBER IDENTIFIER
control field BD-DhSAU
005 - DATE AND TIME OF LATEST TRANSACTION
control field 20181217150956.0
008 - FIXED-LENGTH DATA ELEMENTS--GENERAL INFORMATION
fixed length control field 150420b2016 bg ||||| m||| 00| 0 eng d
040 ## - CATALOGING SOURCE
Original cataloging agency BD-DhSAU
082 ## - DEWEY DECIMAL CLASSIFICATION NUMBER
Edition number 22
Classification number 635
Item number Ak79
100 ## - MAIN ENTRY--PERSONAL NAME
Relator term Registration # 10-04084
Personal name Akther , Anjuman Ara
245 ## - TITLE STATEMENT
Title Influence of Ga3 and Nitrogen on growth and yield of Cabbage /
Remainder of title MS thesis
Statement of responsibility, etc. Akther , Anjuman Ara
260 ## - PUBLICATION, DISTRIBUTION, ETC. (IMPRINT)
Place of publication, distribution, etc. Sher-e-Bangla Agricultural University :
Name of publisher, distributor, etc. Department of Horticulture,
Date of publication, distribution, etc. 2016
300 ## - PHYSICAL DESCRIPTION
Extent viii,,60 p. :
Dimensions 30 cm.
Other physical details ill. ;
500 ## - GENERAL NOTE
General note MS thesis of Department of Horticulture, Faculty of Agriculture, Sher-e-Bangla Agricultural University, Dhaka
504 ## - BIBLIOGRAPHY, ETC. NOTE
Bibliography, etc Includes bibliographical reference.
590 ## - Name of Cataloguer
Name of Cataloger Shofi
650 ## - SUBJECT ADDED ENTRY--TOPICAL TERM
Topical term or geographic name as entry element Horticulture
650 ## - SUBJECT ADDED ENTRY--TOPICAL TERM
Topical term or geographic name as entry element Cabbage
650 ## - SUBJECT ADDED ENTRY--TOPICAL TERM
Topical term or geographic name as entry element Ga3 and Nitrogen
650 ## - SUBJECT ADDED ENTRY--TOPICAL TERM
Topical term or geographic name as entry element Naa and Ga3
700 ## - ADDED ENTRY--PERSONAL NAME
Personal name Akand,Md. Hasanuzzaman
Relator term Superviser
700 ## - ADDED ENTRY--PERSONAL NAME
Personal name Hossain, Md. Ismail
Relator term Co-superviser
856 ## - ELECTRONIC LOCATION AND ACCESS
Uniform Resource Identifier <a href="http://archive.saulibrary.edu.bd:8080/xmlui/handle/123456789/142">http://archive.saulibrary.edu.bd:8080/xmlui/handle/123456789/142</a>
Link text Online Access
942 ## - ADDED ENTRY ELEMENTS (KOHA)
Source of classification or shelving scheme Dewey Decimal Classification
Koha item type MS Level Thesis
Holdings
Withdrawn status Lost status Source of classification or shelving scheme Damaged status Not for loan Collection code Home library Branch Name Date acquired Total Checkouts Full call number Barcode Date last seen Price effective from Koha item type
    Dewey Decimal Classification   Not For Loan Reference SAU Library SAU Library 13/09/2017   635 Ak79 40198 16/10/2017 16/10/2017 MS Level Thesis